| 000 | 01166cam a2200361 a 4500 | ||
|---|---|---|---|
| 001 | 6407 | ||
| 003 | FISKH | ||
| 005 | 20250429095105.0 | ||
| 008 | 010806s2002 caua b 000 1 eng | ||
| 010 | _a 2001004648 | ||
| 020 | _a0152025162 | ||
| 020 | _a9780439784276 | ||
| 040 |
_aDLC _cDLC _dDLC _beng |
||
| 050 | _aPZ7.M4786475 C | ||
| 082 | _a813.6 | ||
| 100 | 1 |
_aMcGhee, Alison, _d1960- |
|
| 245 | 1 | 0 |
_aCountdown to kindergarten / _cby Alison McGhee ; pictures by Harry Bliss. |
| 250 | _aFirst Scholastic printing, September 2005 | ||
| 260 |
_aNew York : _bScholastic, _c2002 |
||
| 300 |
_a32 unnumbered pages : _bcolor illustrations ; _c28 cm |
||
| 505 | _aJ | ||
| 520 | _aTen days before the start of kindergarten, a preschooler can not tie her shoes by herself and fears the worst. | ||
| 521 | 8 |
_a490
_bLexile |
|
| 521 | 8 |
_aJ
_bRaz-Plus |
|
| 650 | 1 |
_aFear _vFiction. |
|
| 650 | 1 |
_aKindergarten _vFiction. |
|
| 650 | 1 |
_aFirst day of school _vFiction. |
|
| 650 | 1 |
_aSchools _vFiction. |
|
| 700 | 1 |
_aBliss, Harry, _d1964- _eillustrator |
|
| 906 |
_a7 _bcbc _corignew _d1 _eecip _f20 _gy-gencatlg |
||
| 942 |
_2ddc _cBK _n0 |
||
| 999 |
_c6407 _d6407 |
||